000 00975cam a22002894a 4500
005 20260322212019.0
008 data
010 _a 2005901234
020 _a0534515517
020 _a9780534515515
040 _aDLC
_cDLC
_dDLC
042 _apcc
043 _an-us---
050 0 0 _aHV689
_b.B46 2006
082 0 0 _a362.2/0425
_222
100 1 _aBentley, Kia J.
245 1 4 _aThe social worker and psychotropic medication :
_btoward effective collaboration with mental health clients, families, and providers /
_cKia J. Bentley & Joseph Walsh.
250 _a3rd ed.
260 _aBelmont, CA :
_bThomson Brooks/Cole,
_cc2006.
300 _axviii, 332 p. :
_bill. ;
_c24 cm.
504 _aIncludes bibliographical references (p. [291]-321) and indexes.
650 0 _aPsychiatric social work
_zUnited States.
650 0 _aMental illness
_xChemotherapy
_zUnited States.
650 0 _aPsychopharmacology
_zUnited States.
700 1 _aWalsh, Joseph
_q(Joseph F.)
001 data
999 _c415
_d415